Employed mothers and child care. (Record no. 36811)

MARC details
000 -LEADER
fixed length control field 00851cam a22002891i 4500
001 - CONTROL NUMBER
control field l 53000146
003 - CONTROL NUMBER IDENTIFIER
control field DLC
005 - DATE AND TIME OF LATEST TRANSACTION
control field 20260227111543.0
008 - FIXED-LENGTH DATA ELEMENTS--GENERAL INFORMATION
fixed length control field 860506s1953 dcu f000 0 eng
010 ## - LIBRARY OF CONGRESS CONTROL NUMBER
LC control number l 53000146
035 ## - SYSTEM CONTROL NUMBER
System control number (OCoLC)13533759
040 ## - CATALOGING SOURCE
Original cataloging agency DLC
Transcribing agency WM
Modifying agency DLC
042 ## - AUTHENTICATION CODE
Authentication code premarc
050 00 - LIBRARY OF CONGRESS CALL NUMBER
Classification number HD6093
Item number .A35 no. 246
082 00 - DEWEY DECIMAL CLASSIFICATION NUMBER
Classification number 362.71
100 1# - MAIN ENTRY--PERSONAL NAME
Personal name Pidgeon, Mary Elizabeth.
245 10 - TITLE STATEMENT
Title Employed mothers and child care.
260 ## - PUBLICATION, DISTRIBUTION, ETC.
Place of publication, distribution, etc. Washington D.C. :
Name of publisher, distributor, etc. U.S. Govt. Print. Off.,
Date of publication, distribution, etc. 1953.
300 ## - PHYSICAL DESCRIPTION
Extent 92 p. ;
Dimensions 24 cm.
490 0# - SERIES STATEMENT
Series statement Bulletin of the Women's Bureau ;
Volume/sequential designation no. 246
650 #0 - SUBJECT ADDED ENTRY--TOPICAL TERM
Topical term or geographic name entry element Day care centers.
650 #0 - SUBJECT ADDED ENTRY--TOPICAL TERM
Topical term or geographic name entry element Day care centers
Geographic subdivision United States.
650 #0 - SUBJECT ADDED ENTRY--TOPICAL TERM
Topical term or geographic name entry element Women
General subdivision Employment
Geographic subdivision United States.
650 #0 - SUBJECT ADDED ENTRY--TOPICAL TERM
Topical term or geographic name entry element Mothers.
650 #0 - SUBJECT ADDED ENTRY--TOPICAL TERM
Topical term or geographic name entry element Married women
General subdivision Employment.
650 #0 - SUBJECT ADDED ENTRY--TOPICAL TERM
Topical term or geographic name entry element Mothers
General subdivision Employment
Geographic subdivision United States.

No items available.

Powered by Koha